Central Library OPAC University of Rajshahi

The Bustān of Sadi / (Record no. 63678)

MARC details
000 -LEADER
fixed length control field 00638nam a2200229 a 4500
001 - CONTROL NUMBER
control field 63678
003 - CONTROL NUMBER IDENTIFIER
rucl marc code BD-RjUL
005 - DATE AND TIME OF LATEST TRANSACTION
control field 20211209081225.0
008 - FIXED-LENGTH DATA ELEMENTS--GENERAL INFORMATION
fixed length control field 170202s1911 enk 000 0 eng
035 ## - SYSTEM CONTROL NUMBER
System control number (BD-RjUL)63807
040 ## - CATALOGING SOURCE
Original cataloging agency DLC
Transcribing agency AzU
Modifying agency AzU
-- BD-RjUL
Language of cataloging eng
041 1# - LANGUAGE CODE
Language code of text/sound track or separate title eng
082 ## - DEWEY DECIMAL CLASSIFICATION NUMBER
Edition number 23
Classification number 891.553
Author mark and year EDW 1911
100 ## - MAIN ENTRY--PERSONAL NAME
Personal name Edwards A. Hart
9 (RLIN) 189109
245 14 - TITLE STATEMENT
Title The Bustān of Sadi /
Statement of responsibility, etc. by A. Hart Edwards.
260 ## - PUBLICATION, DISTRIBUTION, ETC. (IMPRINT)
Place of publication, distribution, etc. London ;
Name of publisher, distributor, etc. J. Murray,
Date of publication, distribution, etc. 1911.
300 ## - PHYSICAL DESCRIPTION
Pagination 124 p. ;
Size 17 cm.
490 0# - SERIES STATEMENT
Series statement The wisdom of the East series
650 ## - SUBJECT ADDED ENTRY--TOPICAL TERM
Topical term or geographic name as entry element Manners and customs
9 (RLIN) 171679
Topical term or geographic name as entry element Persian poetry
9 (RLIN) 189110
942 ## - ADDED ENTRY ELEMENTS (KOHA)
Source of classification or shelving scheme Dewey Decimal Classification
Koha item type Books
Holdings
Lost status Source of classification or shelving scheme Damaged status Not for loan Collection code Permanent Location Current Location Shelving location Date acquired Source of acquisition Total Checkouts Full call number Date last seen Copy number Koha item type
  Dewey Decimal Classification   Not For Loan Non-fiction Central Library, University of Rajshahi Central Library, University of Rajshahi Reading Room 18/01/1958 Spalding trust   891.553 EDW 1911 02/02/2017 C-1 Books